Quiz sur New-York - Statistiques

Statistiques générales
  • Ce quiz a été pris 512 fois
  • Le résultat moyen est 16 sur 30
Statistiques - réponses
Question Réponse % Correct
Couleur des taxis new-yorkais Jaune
96%
Plus grand parc de New-York Central Park
93%
Célèbre statue donnée par la France aux USA Statue de la liberté
92%
Célèbre gratte ciel de New-York considéré comme l'une des sept merveilles du monde moderne Empire State Building
87%
New-York fait partie de quel pays ? Etats-Unis
84%
Cinq arrondissements de New York Brooklyn
82%
Surnom de New-York The Big Apple / La Grosse Pomme
79%
Nombre d'arrondissements à New-York 5
73%
Cinq arrondissements de New York Manhattan
72%
Endroit célèbre de la ville très riche avec de grands panneaux publicitaires nommé le « Le carrefour du monde » Times Square
70%
Principale rue du quartier financier de New-York et nom de la bourse Wall Street
69%
Cinq arrondissements de New York Bronx
65%
Plus vieille avenue nord sud de la ville également nom d'un théâtre Broadway
62%
Grande organisation internationale qui siège à New York ONU
62%
Cinq arrondissements de New York Queens
62%
Religion majoritaire Christianisme
57%
Immeuble détruit lors de l'attentat du 11 septemnre 2001 World Trade Center
57%
Océan qui borde la ville Océan Atlantique
55%
Cinq arrondissements de New York Staten Island
50%
L'un des plus célèbres ponts de New-York Pont de Brooklyn
32%
Plus haut gratte ciel de la ville One World Trade Center
31%
Ile où se situe la célèbre statue donnée par la France aux USA Liberty Island
29%
Fleuve qui traverse New-York Hudson River
26%
Gratte-ciel préféré des New-Yorkais construit à la gloire d'un célèbre constructeur automobile Chrysler Building
21%
Plus important stade sportif de New York Madison Square Garden
21%
Célèbre gare de New-York Grand Central Terminal
20%
Plus grande cathédrale catholique de style néogothique d'Amérique du Nord Cathédrale Saint-Patrick
7%
Maire de New-York Eric Adams
4%
Monument construit à l'occasion de Foire internationale de New York 1964-1965, dont le thème global était la "paix au travers de la compréhension", situé dans le parc de Flushing Meadows-Corona Park Unisphere
2%
Plus grand aéroport de la ville L'aéroport international John-F.-Kennedy
0%
Aucun quiz correspondant
Distribution des résultats
% des personnes avec chaque résultat
Percentile par nombre de réponses
Votre historique - résultats
Vous n’avez pas pris ce quiz